| 000 | 01230nam a22003257a 4500 | ||
|---|---|---|---|
| 003 | DO-SdBNP | ||
| 005 | 20250526113050.0 | ||
| 007 | ta | ||
| 008 | 210617e2020 dr ad||fr|||| 00| 0 spa d | ||
| 020 | _a9789945926248 | ||
| 040 |
_aDO-SdBNP _bspa _cBNPHU |
||
| 041 | _hspa | ||
| 082 | 4 |
_a368.40097293 _bP592su _222 |
|
| 100 | 1 |
_94580 _aPichardo Muñíz, Arlette, _d1957- |
|
| 245 | 1 | 3 |
_aSuficiencia y sostenibilidad de las pensiones en República Dominicana / _bArlette Pichardo, Joan Guerrero ; edición Fari Rosario. |
| 260 |
_aSanto Domingo : _bOSES ; _bINTEC, _c2020 |
||
| 300 |
_a178 p.: _bil., gráfcs.; _c23 cm |
||
| 500 | _aLa biblioteca posee el volumen 2. | ||
| 504 | _aBibliografía: p. 173- 178 | ||
| 590 | _aInventariado, 2021/MFF | ||
| 650 | 4 |
_aSeguridad social _zRepública Dominicana _92151 |
|
| 650 | 4 |
_aPensiones _zRepública Dominicana _978841 |
|
| 650 | 0 |
_aFondo de pensiones _zRepública Dominicana _915697 |
|
| 700 | 1 |
_aGuerrero, Joan _978668 |
|
| 700 | 1 |
_aRosario, Fari, _914871 _4ed. _d1981- |
|
| 710 | 2 |
_aObservatorio de Seguridad Social (República Dominicana) _981223 |
|
| 710 | 2 |
_aInstituto Tecnológico de Santo Domingo _978911 |
|
| 910 | _aValidado. Control de calidad MFF | ||
| 942 |
_2ddc _cLBS1 |
||
| 999 |
_c49954 _d49954 |
||